[Event "HCL-T251"]
[Site "www.playchess.de"]
[Date "2006.02.22"]
[Round "6"]
[White "abebebikila"]
[Black "Ezechiel"]
[WhiteElo "1724"]
[BlackElo "1786"]
[PlyCount "80"]
[Result "0-1"]

1.e4 e5 2.Nf3 f5 3.Nxe5 Qf6 {Hi Abebebikila! 
Welcome to the tournament. Your player info page 
doesn't tell much about you. Where are you from?}  
4.Nc4 {I come from the basque country, in Spain}  
fxe4 5.Nc3 Qe6 6.Ne3 Nf6 7.Bc4 Qe5 8.d3 Bb4 9.Bd2 
d5 10.d4 Qg5 11.Nexd5 Qxg2 12.Nxf6+ Kd8 13.Rf1 
gxf6 14.Qh5 Bd7 15.Nd5 Bxd2+ 16.Kxd2 Qg6 17.Qxg6 
hxg6 18.Nxf6 Bf5 19.Rfh1 Nd7 20.Nd5 c6 {(offering 
draw)}  21.Ne3 {sorry, I have one pawn more; I'll 
try to win}  Ke7 22.Rag1 Raf8 23.h4 Rh6 24.Rg5 Rh5 
25.Be2 Rxg5 26.hxg5 Be6 27.Rh7+ Rf7 28.Rxf7+ Bxf7 
29.b3 Nf8 30.Bg4 Be6 31.c4 Nh7 32.d5 Bxg4 33.Nxg4 
cxd5 34.Nf6 Nxf6 {Don't you loose a pawn in this 
exchange? ... we'll see, but I don't have the 
slightest idea how you will compensate.}  35.gxf6+ 
{yes, I am not playing very good
}  Kxf6 36.cxd5 Ke5 37.Ke3 Kxd5 38.a3 g5 39.a4 a5 
40.f3 exf3 0-1

[Event "HCL-B3810"]
[Site "www.playchess.de"]
[Date "2006.02.22"]
[Round "9"]
[White "Knedleckaman"]
[Black "chessH"]
[WhiteElo "1692"]
[BlackElo "1289"]
[PlyCount "70"]
[Result "0-1"]

1.e4 e6 2.d4 c5 3.c3 d5 4.exd5 exd5 5.dxc5 Nf6 
6.Bb5+ Bd7 7.Qa4 Bxc5 8.b4 Bb6 9.Nf3 O-O 10.O-O 
Bxb5 11.Qxb5 Nc6 12.Bg5 Qd6 13.Bxf6 Qxf6 14.Qxd5 
Rad8 15.Qb3 Rd3 16.Rd1 Rfd8 17.Na3 R3xd1+ 18.Rxd1 
Rxd1+ 19.Qxd1 Qxc3 20.Qe2 h6 21.Nc2 Qb2 22.a3 Qc1+ 
23.Nfe1 Qf4 24.g3 Qg5 25.Qe8+ Kh7 26.Qe4+ f5 
27.Qd3 Ne5 28.Qb5 Ng4 29.Nf3 Qf6 30.h3 Nxf2 31.Kg2 
Ne4 32.Nh4 Nd6 33.Qf1 Bc7 34.Nd4 Qxd4 35.Nxf5 
Qd5+ 0-1

[Event "HCL-M866"]
[Site "www.playchess.de"]
[Date "2006.02.22"]
[Round "6"]
[White "zmaster"]
[Black "Joachim"]
[WhiteElo "1959"]
[BlackElo "1821"]
[PlyCount "61"]
[Result "1-0"]

1.c4 {hi, gg & GL}  Nf6 {Hello from Bremen / 
Germany ! Glad to see you !}  2.Nc3 {well thank 
you :) Let us hope i do not disapointed u}  g6 {i 
dont think *(-:)*. have a good luck to you, and an 
interesting game !}  3.d4 {Luck is just a very 
smal part of a chess match, patience and knowledge 
are the key words :)}  d5 {you're right; I think, 
enough time for preparing a move is also a key for 
games...}  4.cxd5 {is e mail players  
strenght,more then me as rapid and normal otb game 
player. nevertheless i can handle a nice game i 
think}  Nxd5 {Gruenfeld-Opening, not very easy to 
play but nice interesting. - Ach ja rapid games: 
habe ich die Ehre mit der Niederlaendischen 
Rapid-Meisterin als meinen Gegner ? (I hope you 
understand some German language)}  5.Bd2 {Ja 
spreche ich ein wenig deutsches und in der Tat bin 
ich der holländische schnelle Meister}  Bg7 {Da 
habe ich mein Respekt vor meiner Grossen 
Partmerin!
Jedenfalls: have a nice Weekend!}  6.e4 {Zu 
freundlich aber danke wieder. Haben Sie ein feines 
Wochenende und nicht Partei zuviel! 
LOL
Take care.}  Nb6 {gestern hatte ich wenig Schach, 
aberetwas Zeit genommen für das Tanzen (auch ein 
schoener Sport, braucht etwas Condition). - Haben 
Sie ein gutes Wochenende gehabt ? (trotz 
Schnee+Regen)}  7.Be3 {Hatte ein schnelles Turnier 
in Antwerpen und Sein beschäftigt mit preperation 
für Corus Turnier. Wochenende war, einschließlich 
Regen, Eisregen OKAY, Regen und Schnee.:P)}  O-O 
{haben Sie Erfolg im Schnell-Turnier?
Jedenfalls ist morgen mein letzter Arbeitstag im 
2005, dann ist Pause bis nach NeuJahr (:-)}  8.f4 
{Ich habe meistens sehr viel Erfolg im schnellen 
Schach. Ist mein stärkstes Teil des Seins ein 
Schachmeister. Haben Sie eine gute Zeit}  Nc6 
{Thanks! Jetzt einige Tage Pause vom Alltag, die 
letzten Wochen sind mit viel Arbeit gewesen. - 
Fernschach habe ich begonnen vor etwa 6Jahren, 
damals in der Seite schachspiel.de, bin später 
gewechselt zu playchess.de hier.}  9.d5 {Verstehen 
Sie. Ich ließ einiges mit Herrn Ragno 
argumentieren, ein welcher blutiger Betrüger er 
ist. Er hat keine fide Bewertung. keine 
italienische Schachvereinigung eine, aber 2380 
hier. Gestank:)}  Nb8 {verstehe ich: leider gibt 
es Falsche Spieler in HCL-M. Hoffen wir dass wir 
keine Partie mehr gegen Ragno haben.
Ihnen und Ihrer Familie ein schoenes 
Weihnachtsfest ! Gruss Joachim.}  10.a4 {Danke für 
die süssen Wünsche. Ja er und einige andere sind 
auf meiner nicht spielenden Liste. Essen Sie nicht 
und trinken Sie zu viel! Linda}  c6 {zu 
Weihnachten ist trotzdem auch die Zeit für gut und 
viel Essen, da kommt etwas Traegheit dazu...}  
11.a5 {Als immer zu vielen Nahrung und Getränke 
und plus ein 1 1/2-Kilo-Körpergewicht nevermind, 
in der folgenden Woche werde ich für eine Weile 
leben nüchtern.}  N6d7 {hat das gute Essen so an 
sich, bringt mir eine Zunahme von Gewicht. Dazu 
Essen bei gutem Wein gibt auch etwas Trägheit 
*(-:)*. Andererseits hatte ich in den letzten 
Tagen wenig Schach}  12.e5 {Viele Leute mußten 
viel Nahrung, aber zu gehen ist gut, zurück zu 
normalem Leben innerhalb einiger Tage stillsteht 
mich, um Ihnen großes 2006 zu wünschen! Grüße, 
linda}  cxd5 {danke das wünsche ich Ihnen und 
Ihrer Familie auch: ein gutes Neues Jahr 2006! 
Liebe Grüße, Joachim.}  13.Qxd5 {Vielen Dank. 
Irgendeine Pläne für das nächste Jahr oder hält 
nur auf fest? :>)}  Nc6 {..einmal schauen was das 
Neue Jahr bringt. Wichtig: die Gesundheit und das 
Behalten des Arbeitsplatzes. - Haben Sie Pläne für 
2006 ?}  14.Nf3 {Ja habe ich, werde wieder 
schneller Meister durch die Frau und ein guter 
corus Turnierrest: eine gute Gesundheit und ein 
Frieden für menschliche Art}  e6 {Hatte ich bei 
meinem letzten Kommentar vergessen: auch Frieden 
zwischen Menschen (das wünscht sich eigentlich 
fast Jeder) als einer meiner Wünsche.
Ihnen viel Erfolg bei Schnellschach!}  15.Qd1 
{Sehr importand in dieser seltenen Welt. Frieden 
und das Verstehen muß die Schleppseilschlüsselwörter 
sein dieses Jahr. Ich bin mit preperation für 
Corus, nettem und sehr starkem Turnier 
beschäftigt}  Qe7 {inzwischen hat ieder der 
Arbeit-Alltag begonnen nach derPause, ich denke es 
ist noch genug freie Zeit für die Präparation der 
Partien...}  16.Bc4 {Recht. Haben Sie irgendwelche 
anderen Liebhabereien anstelle vom Schach?}  Nc5 
{wenn ich Ihre Frage richtig verstehe: Hobby ? Ja, 
da ist noch das Tanzen das ich seit einigen Jahren 
lerne (Samba, Walzer, Quickstep, Tango und 
anderes). Ein schöner Sport. - Ihre Hobby ?}  
17.O-O {Recht. Ich mag auch tanzen, modern und 
Felsen u. Rolle. Auch ich liebe Pferd Reiten}  Rd8 
{ach ja das Tanzen: ein Hobby das wir beide haben. 
Allerdings bleibt uns das Tanzen nur bei der 
unserer HCL-Gruppenpartie... Mal schauen welcher 
Tanz bei der Partie entsteht *(-:)*}  18.Qe2 {Ich 
sehe nicht diese Gruppe, wie etwas Tanzen, 
möglicherweise tanzend mit einer wolfs Satz)) 
Gruppe Spielern haltbar ist, also ich 
Aufmerksamkeit sehr spielen muß}  a6 {...tanzen 
mit dem Wolf: hängt ab wer von uns "der Wolf" ist? 
Da fällt mir der Classic Film ein "Wer mit dem 
Wolf tanzt" (dances with wolves), haben Sie 
gesehen ? - Don't dance with a rotten cat! (kein 
Tanz mit einer verfaulten Katze!!, *(-:)*)}  
19.Bf2 {Ja sah ich den Film, großes mit einer 
Superform. Eine faule Katze ist Spaß, den ich 
schätze, lol
Und der Wolf? Me? LOL}  Qf8 {den Film habe ich per 
Video. Aber der Wolf? gute Frage. Ich habe das 
Gefühl Sie sind in der Partie der Wolf... (lol!)}  
20.Qe3 {Um ja, o.k. bin ich mit dem einverstanden, 
aber ich habe nie den gewesenen Menschen Fleisch 
gegessen und ich habe keine Idee, wie sie 
schmecken sollte, lol}  Nd7 {ich denke es schmeckt 
hässlich! LOL (falls Sie mich essen wollten...)}  
21.Bh4 {Gut mit genügendem Salz und Pfeffer und 
etwas andere gute Nahrung wird es geschmeckt 
reizend!! Especialy, wenn es männliches Treffen 
ist, lol}  Re8 {wird es Ihre Geschmacks-Organe 
reizen ?
Um ehrlich zu sein: ich esse gerne eine knusprig 
gegrillte Schweinshaxe (=pork knockle), lecker!!}  
22.Ne4 {Ich scherzte, aber ein gutes Stück 
Schweinefleisch tut, brät es in der Tat ist sogar 
besser und hat einen großen Geschmack!}  Qb4 {wir 
hatten etwas Spass gehabt mit Chat über das essen: 
hat es gut satt gemacht (LOL!!). Icd denke wir 
beide sind nette Menschen (I hope so!)...}  23.Be1 
{Sein freundlich zum eachother ist wir kann tun 
minimal. Zu viele sind unhöflich und acusing oder 
sind an der Menschheit weniger interessiert.}  Qe7 
{Sie haben recht. in der Partie ist es mir 
schwierig eine gute Verteiigung zu finden, 23. - 
Qxc4? oder 23. - Qxb2?? ist schlecht}  24.Nd6 
{cheint mir auch. Nicht zu gute aber weniger 
andere Wahlen ließen mich schätzen}  Rf8 {viele 
Möglichkeiten sind nicht für den Rook on-e8. 
B.t.w.: Welchen Beruf haben Sie, wenn ich fragen 
darf ?}  25.Rd1 {Tatsächlich viele Optionen jetzt. 
Ich gebe Lehren an einem highschool in Belgien und 
Schachlehren. gutes Einkommen.}  Kh8 {interessante 
Jobs haben Sie.
Ich habe einen Ingenieur-Beruf an einer Firma die 
Flugzeugteile herstellt}  26.Ng5 {Ihr eigenes 
compagny? Nicht Schlechtes an allen. Haben Sie 
employes an der Arbeit? Arbeiten Sie für 
Großraumflugzeug compagnies?}  h6 {I've no own 
Company (Sorry, you misunderstand me), Im an 
employer (ingenieer), at AIRBUS. - Wenn Sie mit 
dem Flugzeug fliegen: achten Sie einmal ob es ein 
AIRBUS ist !}  27.Bh4 {ah, sorry. My Deutsch is 
not too good i am afraid. Airbus is a great plane! 
Biggest on earth :)}  Kg8 {Do you had some flights 
in Airbus ? Some years ago Iwent to Holidays by a 
plane (Airbus). - B.t.w. no good situation for me 
in this game, the accept your Knight g5 is too 
bad...}  28.Qh3 {Yes i had some airbus flights, 
great airplane. I was allready afraid you wouldn't 
accept my gracious Knight offer, lol. Still a 
tough position for me here.}  hxg5 {now, the 
accept of the Knight is relative the best in this 
situation...}  29.Bxg5 {right. I see enough good 
options for white now to get on the positive line 
at the end of our match, i hope i am right, never 
know do we? :P)}  f6 {maybe. Since some times I'm 
in your embracing. Is there a chance Black escapes 
it ?}  30.Bxe6+ {No black has 0 % to escape here 
from a coming defeat, i am sorry :)}  Rf7 {so I 
think about resign...}  31.Bxf7+ {Is an option 
yes. If u resign i thank you for a fine game and 
wonderfull nice chat!}  1-0

[Event "HCL-C4174"]
[Site "www.playchess.de"]
[Date "2006.02.22"]
[Round "7"]
[White "IRONMAIDEN"]
[Black "dg"]
[WhiteElo "1252"]
[BlackElo "1214"]
[PlyCount "101"]
[Result "1/2-1/2"]

1.c4 {hi!}  e5 {hi again, good luck this time}  
2.Nc3 {almost had you down last time, was a good 
game. hi!}  Bc5 3.d3 d6 4.e4 Nf6 5.Bg5 h6 6.Bh4 
O-O 7.Nf3 Bg4 8.Be2 Nbd7 9.Nd5 c6 10.Nxf6+ Nxf6 
11.O-O Qb6 12.b3 Nh7 13.Bg3 Bxf3 14.Bxf3 Qa5 15.a4 
Qc3 16.Ra2 a5 17.Qc2 Qb4 18.Be2 Ng5 19.Kh1 Qb6 
20.f4 exf4 21.Bxf4 Ne6 22.Rb2 Bb4 23.Rbb1 Nxf4 
24.Rxf4 Rfe8 {(offering draw)}  25.Rbf1 f6 26.Bg4 
Qd4 27.Bh5 Re5 28.Bg6 Rg5 29.Bf5 Re8 30.Qd1 g6 
31.Bd7 Rd8 32.Be6+ Kg7 33.Qf3 Qc3 {(offering 
draw)}  34.Rxf6 {sorry, all or nothing!}  d5 
35.Rf7+ Kh8 36.Qf6+ Qxf6 37.R1xf6 dxe4 38.dxe4 
Rd1+ 39.R6f1 Rxf1+ 40.Rxf1 Re5 41.Bc8 Rxe4 42.Bxb7 
Re6 43.g3 c5 44.Rf3 Kg7 45.Bd5 Re7 46.Kg1 g5 47.h3 
h5 48.Kf2 Re5 49.Re3 Rf5+ 50.Rf3 Re5 51.Re3 
{(offering draw) ok, you enforced it} 
 1/2-1/2

[Event "HCL-A2613"]
[Site "www.playchess.de"]
[Date "2006.02.22"]
[Round "3"]
[White "BR_Hort"]
[Black "shadow_cup"]
[WhiteElo "1700"]
[BlackElo "1800"]
[PlyCount "35"]
[Result "1-0"]

1.d4 {hello}  c5 {hello to you also}  2.d5 g6 3.e4 
Bg7 4.c4 e6 5.Nc3 a6 6.a4 b6 7.Bd3 Bb7 8.Nf3 Nf6 
9.Bg5 h6 10.Bh4 g5 11.Bg3 O-O 12.e5 Nh5 13.Qe2 f6 
14.exf6 Nxg3 15.hxg3 Qxf6 16.Ne4 Qd8 17.Nd6 Bc8 
18.Qe4 1-0

[Event "HCL-C4049"]
[Site "www.playchess.de"]
[Date "2006.02.22"]
[Round "3"]
[White "epenz"]
[Black "Farquhart"]
[WhiteElo "993"]
[BlackElo "515"]
[PlyCount "57"]
[Result "1-0"]

1.e4 {hi}  e5 2.Nf3 d6 3.Bc4 a6 4.d3 Nc6 5.O-O Bg4 
6.h3 Be6 7.Bxe6 fxe6 8.c4 Nd4 9.Nxd4 exd4 10.Re1 
Nf6 11.Bg5 h6 12.Bxf6 gxf6 13.Nd2 Rg8 14.Nf3 f5 
15.exf5 b5 16.b3 Qe7 17.fxe6 Qg7 18.g3 bxc4 
19.bxc4 h5 20.h4 d5 21.cxd5 O-O-O 22.Rb1 Bd6 
23.Qa4 Rdf8 24.Qxa6+ Kd8 25.Rb8+ Ke7 26.Rxf8 Qxf8 
27.Nxd4 Qf6 28.Nc6+ Ke8 29.Qa8+ 1-0

[Event "HCL-A2608"]
[Site "www.playchess.de"]
[Date "2006.02.22"]
[Round "32"]
[White "maus"]
[Black "Wernswig"]
[WhiteElo "1390"]
[BlackElo "1345"]
[PlyCount "46"]
[Result "0-1"]

1.e4 {hello}  e5 {hi, have a nice game}  2.Nf3 Nf6 
3.Nc3 Nc6 4.Bc4 Be7 5.Ng5 O-O 6.d3 d6 7.h3 h6 
8.Nf3 Be6 9.Nd5 Nd7 10.O-O f5 11.Nxc7 Bxc4 12.Nxa8 
fxe4 13.dxc4 exf3 14.Qd5+ Kh8 15.Qe6 Nc5 16.Qg6 
Rf6 17.Qh5 fxg2 18.Kxg2 Qxa8 19.Bg5 Rf5 20.h4 Kg8 
21.Qg4 Qc8 22.f3 Bxg5 23.hxg5 Rxg5 0-1

[Event "HCL-C4049"]
[Site "www.playchess.de"]
[Date "2006.02.22"]
[Round "4"]
[White "Farquhart"]
[Black "epenz"]
[WhiteElo "515"]
[BlackElo "993"]
[PlyCount "58"]
[Result "0-1"]

1.e4 e5 2.d3 Nf6 3.Nf3 d6 4.Nc3 Be6 5.Nb5 Qd7 6.a4 
Be7 7.Ra3 O-O 8.Ng5 h6 9.Rc3 c6 10.Nxe6 Qxe6 
11.Nc7 Qc8 12.Nb5 a6 13.Na3 b5 14.Rg1 Qb7 15.Be3 
c5 16.Qf3 Nbd7 17.Bf4 exf4 18.Qxf4 b4 19.Rb3 a5 
20.Nb5 d5 21.d4 Nxe4 22.g3 c4 23.Rf3 Bg5 24.Qg4 
Ndf6 25.Qh3 Bd2+ 26.Kd1 Ng5 27.Qg2 Nxf3 28.Qxf3 
Bg5 29.Nd6 Qc6 0-1

[Event "HCL-A2602"]
[Site "www.playchess.de"]
[Date "2006.02.22"]
[Round "8"]
[White "Wernswig"]
[Black "PhilipKaveny"]
[WhiteElo "1362"]
[BlackElo "1318"]
[PlyCount "71"]
[Result "1-0"]

1.e4 {hello, have a nice game}  c5 {We meet again} 
 2.Nf3 d6 3.d4 cxd4 4.Nxd4 Nc6 5.Bc4 e6 6.O-O a6 
7.a4 g6 8.c3 Bg7 9.Be3 Nge7 10.Nd2 O-O 11.N2b3 Rb8 
12.Qe2 Ne5 13.Nd2 Nxc4 14.Nxc4 d5 15.Nd2 e5 
16.N4f3 Bg4 17.h3 dxe4 18.Nxe4 Bxf3 19.Qxf3 Nf5 
20.Rad1 Qa5 21.b3 Nxe3 22.Qxe3 f5 23.Qc5 Qxc5 
24.Nxc5 Rf7 25.Rd5 e4 26.c4 Bc3 27.Rfd1 Re7 
28.R5d7 Rxd7 29.Rxd7 b5 30.Nxa6 Re8 31.axb5 e3 
32.fxe3 Rxe3 33.c5 f4 34.b6 Re1+ 35.Kf2 Ra1 
36.b7 1-0

[Event "HCL-C4045"]
[Site "www.playchess.de"]
[Date "2006.02.22"]
[Round "10"]
[White "Metal"]
[Black "Farquhart"]
[WhiteElo "800"]
[BlackElo "441"]
[PlyCount "57"]
[Result "1-0"]

1.e3 e5 2.b3 d5 3.h3 Nf6 4.Nc3 Nc6 5.Bb5 a6 
6.Bxc6+ bxc6 7.Nge2 Ne4 8.Nxe4 dxe4 9.Ng3 Bb4 
10.c3 Be7 11.Nxe4 h5 12.Bb2 Rh6 13.Qf3 Rg6 14.Rg1 
Rb8 15.Rd1 Bh4 16.Qxh5 a5 17.Qxe5+ Be7 18.Ba3 Rd6 
19.Bxd6 cxd6 20.Qxg7 d5 21.Ng3 Rb7 22.Nh5 f6 
23.Qg8+ Bf8 24.g4 d4 25.exd4 Qd5 26.Nxf6+ Ke7 
27.Nxd5+ cxd5 28.Kf1 Rb6 29.f4 1-0

[Event "HCL-E1583"]
[Site "www.playchess.de"]
[Date "2006.02.22"]
[Round "6"]
[White "alldrix"]
[Black "XANDERKIRV"]
[WhiteElo "1632"]
[BlackElo "1486"]
[PlyCount "71"]
[Result "1-0"]

1.e4 c5 2.b4 cxb4 3.d4 e6 4.Nf3 a6 5.Bd3 b5 6.O-O 
Bb7 7.Nbd2 d6 8.Bb2 Be7 9.d5 exd5 10.Bxg7 Bf6 
11.Bxh8 Bxh8 12.Rb1 Nd7 13.exd5 Ngf6 14.Ne4 Nxe4 
15.Bxe4 Qf6 16.Re1 Kd8 17.Qd2 a5 18.Qd3 Ba6 
19.Bxh7 Kc7 20.Qf5 Qg7 21.Re7 Rd8 22.Qxf7 Qc3 
23.Bf5 Bc8 24.Ng5 Kb8 25.Bxd7 Bxd7 26.Rxd7 Rxd7 
27.Qxd7 Qxc2 28.Qxb5+ Kc8 29.Qc6+ Qxc6 30.dxc6 Kc7 
31.Nf7 Bc3 32.h4 Kxc6 33.h5 a4 34.h6 b3 35.axb3 a3 
36.Rc1 1-0

[Event "HCL-A2566"]
[Site "www.playchess.de"]
[Date "2006.02.22"]
[Round "10"]
[White "cocohubert"]
[Black "pop3dan"]
[WhiteElo "1340"]
[BlackElo "1639"]
[PlyCount "48"]
[Result "1/2-1/2"]

1.e4 c5 2.b3 d6 3.Bb2 e5 4.Nf3 Nf6 5.d3 Be7 6.Nbd2 
O-O 7.h3 Nc6 8.Be2 b5 9.c4 b4 10.O-O a5 11.a4 bxa3 
12.Bxa3 h6 13.Nh2 Rb8 14.Bg4 Be6 15.Bxe6 fxe6 
16.Ng4 Nd4 17.Nxf6+ Rxf6 18.Bb2 Nc6 19.Bc3 d5 
20.exd5 exd5 21.Nf3 d4 22.Bd2 Qb6 23.Rb1 Qc7 
24.Nh2 Rbf8 {(offering draw)}  1/2-1/2

[Event "ACL-A639"]
[Site "www.playchess.de"]
[Date "2006.02.22"]
[Round "7"]
[White "BDG_Girl"]
[Black "Fred31"]
[WhiteElo "1806"]
[BlackElo "1601"]
[PlyCount "37"]
[Result "1-0"]

1.d4 {Hello and good luck!}  Nf6 {Hello}  2.Nc3 d5 
3.e4 dxe4 4.f3 exf3 5.Nxf3 Bg4 6.h3 Bxf3 7.Qxf3 c6 
8.Qf2 h6 9.Bd3 Nd5 10.Nxd5 Qxd5 11.O-O e6 12.Qxf7+ 
Kd8 13.Qxb7 c5 14.Be4 Qxb7 15.Bxb7 Kc7 16.Bxa8 
cxd4 17.Rf7+ Kd8 18.Bf4 Nd7 19.Bc6 1-0

[Event "HCL-M835"]
[Site "www.playchess.de"]
[Date "2006.02.22"]
[Round "19"]
[White "temple"]
[Black "R_I_C_H"]
[WhiteElo "1766"]
[BlackElo "1663"]
[PlyCount "117"]
[Result "1-0"]

1.d4 {Hello,good luck.}  Nf6 {Hello again Temple.} 
 2.c4 d6 3.Nc3 e5 4.d5 Be7 5.e4 O-O 6.Bd3 Nbd7 
7.Nge2 c6 8.O-O Re8 9.f4 exf4 10.Bxf4 Qb6+ 11.Kh1 
cxd5 12.exd5 Bf8 13.Na4 Qd8 14.Qc2 Ne5 15.Bg5 Nxd3 
16.Qxd3 Bg4 17.Ng3 h6 18.Bxf6 gxf6 19.Nc3 Qb6 
20.b3 Re3 21.Qd2 Rae8 22.Rae1 R3e5 23.Re4 f5 
{..Bd7 was probally safer?}  24.Rxe5 Rxe5 25.Nb5 
Bg7 26.h3 Qd8 27.Nd4 Qh4 28.Kh2 a6 29.Qf2 b5 
30.Ndxf5 Bxf5 {Merry Christmas temple!}  31.Nxf5 
{Same to You}  Qxf2 32.Rxf2 Re4 {Best of luck for 
the new year temple!}  33.Nxg7 {Happy New Year!}  
Kxg7 34.Rc2 Kf6 35.Kg3 Ke5 36.Kf3 h5 37.g3 f5 
38.c5 dxc5 39.Rxc5 Kd6 40.Rc6+ Kxd5 41.Rxa6 h4 
42.g4 fxg4+ 43.hxg4 Re8 44.Rh6 h3 45.Rxh3 Ra8 
46.Rh2 Ke5 47.Rh5+ Ke6 48.Rxb5 Rxa2 49.g5 Ra8 
50.Ke4 Ra6 51.b4 Rc6 52.Re5+ Kf7 53.Kf5 Rb6 54.b5 
Kg7 55.Rc5 Rb7 56.Ke6 Kg6 57.Kd6 Rb8 58.Kc7 Rf8 
59.b6 1-0

[Event "HCL-E1564"]
[Site "www.playchess.de"]
[Date "2006.02.22"]
[Round "13"]
[White "XANDERKIRV"]
[Black "ippuli"]
[WhiteElo "1468"]
[BlackElo "1579"]
[PlyCount "127"]
[Result "1-0"]

1.e4 e5 2.Nf3 f5 3.exf5 d6 4.d3 Bxf5 5.Nc3 Nf6 
6.Bg5 Be7 7.Be2 O-O 8.O-O h6 9.Bh4 Nc6 10.a3 Ng4 
11.Bxe7 Nxe7 12.h3 Nf6 13.Nh4 c6 14.Nxf5 Nxf5 
15.Bf3 Nd4 16.Bg4 Nxg4 17.hxg4 d5 18.Ne2 Nxe2+ 
19.Qxe2 Qg5 20.Rae1 Rae8 21.f3 e4 22.dxe4 dxe4 
23.Qc4+ Kh8 24.Rxe4 Rxe4 25.Qxe4 Qb5 26.Qe7 Rg8 
27.b3 c5 28.Qf7 Rd8 {(offering draw)}  29.Re1 Rd7 
30.Qg6 Rd8 31.Re7 Rg8 32.g5 c4 33.Kh1 Qc6 34.Qxc6 
bxc6 35.gxh6 gxh6 36.Rxa7 cxb3 37.cxb3 Rb8 38.b4 
Rb6 39.g4 Rb8 40.Ra6 Rc8 41.a4 Kg7 42.a5 c5 
43.bxc5 Rxc5 44.Kg2 h5 {(offering draw)}  45.gxh5 
Rxh5 46.Kg3 Kf7 47.Ra8 Ke6 48.a6 Ra5 49.Rh8 Kd6 
50.f4 Kc6 51.Kg4 Kb6 52.Rh6+ Ka7 53.f5 Ra1 54.Re6 
Rg1+ 55.Kh5 Rh1+ 56.Kg6 Rg1+ 57.Kf7 Rb1 58.f6 Rc1 
59.Ke7 Rc7+ 60.Kd8 Rc1 61.f7 Rb1 62.f8Q Rb8+ 
63.Ke7 Re8+ 64.Kxe8 1-0

[Event "ACL-E209"]
[Site "www.playchess.de"]
[Date "2006.02.22"]
[Round "9"]
[White "wolter"]
[Black "leobor"]
[WhiteElo "2011"]
[BlackElo "1911"]
[PlyCount "93"]
[Result "1-0"]

1.e4 {hello, wish you a good game, greetings from 
the Netherlands}  c5 2.Nf3 Nc6 {Hi from Riga 
,Latvia}  3.d4 cxd4 4.Nxd4 e5 5.Nb5 d6 6.N1c3 a6 
7.Na3 b5 8.Nd5 Nf6 9.Bg5 Be7 10.Bxf6 Bxf6 11.c3 
O-O 12.Nc2 Rb8 13.Nce3 Bg5 14.Qd3 Ne7 15.Be2 Nxd5 
16.Nxd5 f5 17.Bf3 Be6 18.O-O Qd7 19.Rad1 Rbe8 
20.Nb6 Qf7 21.a4 bxa4 22.exf5 Bxf5 23.Qxa6 e4 
24.Be2 Bf4 25.g3 Qg6 26.Nd5 Bg5 27.Ne3 Bc8 28.Qxd6 
Rf6 29.Qd4 Bh3 30.Ng2 Rff8 31.Qxa4 Kh8 32.Rd5 Rea8 
33.Qd4 h6 34.Rd6 Qe8 35.Rd1 Bxg2 36.Kxg2 Rb8 37.b4 
Bf6 38.Qd2 Qf7 39.Qe3 Bg5 40.Qd4 Qa2 41.Qc4 Qxc4 
42.Bxc4 Rf3 43.Re1 Rxc3 44.Rxe4 Be7 45.Rxe7 Rxc4 
46.Rg6 Rcxb4 47.Rgxg7 1-0

[Event "HCL-M857"]
[Site "www.playchess.de"]
[Date "2006.02.22"]
[Round "7"]
[White "SABU"]
[Black "PamperedPawn"]
[WhiteElo "2051"]
[BlackElo "2382"]
[PlyCount "120"]
[Result "1/2-1/2"]

1.e4 {Welcome again. Have a nice game}  e5 {Hi.  
Looking to a good game.}  2.Nf3 Nc6 3.Bb5 Nf6 
4.Nc3 Bb4 5.O-O O-O 6.d3 d6 7.Bg5 Bxc3 8.bxc3 h6 
9.Bh4 Bd7 10.Rb1 a6 11.Ba4 Rb8 12.Bb3 Qe7 13.Re1 
Rfe8 14.h3 Na5 15.Nd2 g5 16.Bg3 c5 17.Nf1 b5 
{Happy New Year!}  18.Ne3 Be6 19.Bxe6 fxe6 20.a3 
Nc6 21.Qf3 Ref8 22.Qe2 Qc7 23.Ng4 Kg7 24.Nxf6 Rxf6 
25.Qe3 Qa5 26.Rb3 Rbf8 27.h4 gxh4 28.Bxh4 Rg6 
29.Kh2 Rf7 30.Ra1 Qa4 31.Qe2 Rf4 32.Kh3 Kg8 33.f3 
Rf7 34.Bf2 Kf8 35.Rbb1 h5 36.Kh2 Rfg7 37.Rbg1 Ke7 
38.Qd1 {(offering draw)}  Qa5 {Seems to early for 
a draw.  Lots of play left here.}  39.Qd2 Kd7 
40.Bh4 {It´s Okey}  Rf7 41.Rgf1 Rg8 42.Rfb1 Rfg7 
43.Rbg1 Ne7 44.Bf6 R7g6 45.Bh4 Nc6 46.Qe1 Kc7 
47.Kh3 Rf8 48.Kh2 Kd7 49.Rf1 Rfg8 50.Rf2 Rb8 
51.Re2 Rgg8 52.Qd2 Rbf8 53.Ree1 Rf4 54.Bg3 Rf7 
55.Bh4 Qa4 56.Ref1 Rfg7 57.Rf2 R7g6 58.Qc1 Kc7 
59.Qb2 Rf8 60.Rb1 Rb8 {(offering draw)} 
 1/2-1/2